| 000 | 00482nam a2200145Ia 4500 | ||
|---|---|---|---|
| 008 | 150121s9999 xx 000 0 und d | ||
| 020 | _a2244-0410 | ||
| 245 |
_aMindanao Journal of Science and Technology / _h[electronic resource] |
||
| 260 |
_bMindanao University of Science and Technology, _c2012. |
||
| 516 | _aElectronic text | ||
| 650 | _aScience and Technology. | ||
| 830 | _aPhilippine E-Journals | ||
| 856 | _uhttp://www.ejournals.ph/index.php?journal=MJST | ||
| 942 | _cEJ | ||
| 999 |
_c277061 _d277061 |
||